01151nab a22002297a 4500999001500000003000400015005001700019008004100036040000700077100002800084245005900112260007300171300001600244500008500260505025000345505008900595650002000684650003500704650002900739773014000768942001300908 c5258d5258OSt20250209193502.0190603e xxum|||| |||| 00| 0 spa d cPJ 96310aUgarte, Josefina 10aCesión de derechos hereditarios /cJosefina Ugarte.  cCiudad Autónoma de Buenos Aires :aThomson Reuters La Ley, b2025. ap. 233-240. aCita Online: TR LALEY AR/DOC/39/2025. Publicado en: RCCyC 2025 (febrero) , 233. aSumario: I. Antecedentes.— II. Concepto.— III. Objeto.— IV. Forma.— V. Oportunidad para la cesión de herencia.— VI. Extensión de la cesión.— VII. Garantía por evicción.— VIII. Efectos de la cesión.— IX. Conclusión.  t¿Te interesa el texto completo? Solicitalo al correo: koha@justierradelfuego.gov.ar 09888aSUCESIONES 091497aCODIGO CIVIL Y COMERCIAL 091100aCESION DE HERENCIA0 0271393170dCiudad Autónoma de Buenos Aires : Thomson Reuters La Ley, 2015-tRevista Código Civil y Comercial. Nº 1 - Febrero 2025 2udccANA